000
00244nam a2200097Ia 4500
001
932861
005
20250826214935.0
008
250824s9999 xx 000 0 und d
245
0
_a
AYET AYET İNSAN
_c
YAVUZ BAHADIROĞLU
260
_b
PANAMA YAYINLARI
999
_c
932861
_d
932861